[Event "IECC M email"]
[Site "IECC email"]
[Date "1998.11.22"]
[Round "?"]
[White "De Juana, Frank"]
[Black "Hughes, Aubrey"]
[Result "1-0"]
[WhiteElo "974"]
[BlackElo "760"]
[PlyCount "65"]
[EventDate "1998.??.??"]
[EventType "tourn (corr)"]
[EventRounds "12"]
[SourceTitle "Corr 2008"]
[Source "ChessBase"]
[SourceDate "2008.06.24"]
[SourceVersion "1"]
[SourceVersionDate "2008.06.24"]
[SourceQuality "1"]

1. d4 d6 2. Nf3 f6 3. Bf4 e5 4. Bg3 e4 5. Nfd2 f5 6. e3 h5 7. Bc4 d5 8. Bxc7 Qxc7 9. Bxd5 f4 10. Bxg8 Rxg8 11. Qxh5+ g6 12. Qb5+ Nd7 13. Qd5 Nf6 14. Qb3 f3 15. Nxe4 Nxe4 16. Qxg8 fxg2 17. Qxg6+ Qf7 18. Qxe4+ Be7 19. Qxg2 Bb4+ 20. Nc3 Bf5 21. Rg1 0-0-0 22. 0-0-0 Bxc3 23. bxc3 Qxa2 24. f3 Re8 25. e4 Bd7 26. Kd2 Ba4 27. Ke3 Re6 28. Qg4 Bxc2 29. d5 Kc7 30. Qxe6 Qc4 31. Rg7+ Kb8 32. Qd6+ Kc8 33. Qd7+ 1-0

[Event "IECC M email"]
[Site "IECC email"]
[Date "1998.11.22"]
[Round "?"]
[White "Hughes, Aubrey"]
[Black "De Juana, Frank"]
[Result "0-1"]
[WhiteElo "760"]
[BlackElo "974"]
[PlyCount "58"]
[EventDate "1998.??.??"]
[EventType "tourn (corr)"]
[EventRounds "12"]
[SourceTitle "Corr 2008"]
[Source "ChessBase"]
[SourceDate "2008.06.24"]
[SourceVersion "1"]
[SourceVersionDate "2008.06.24"]
[SourceQuality "1"]

1. e4 c5 2. Bc4 d6 3. Qf3 Nf6 4. a3 Bg4 5. Qb3 e6 6. Qxb7 Nbd7 7. h3 Bh5 8. Nc3 Bg6 9. b4 Be7 10. Nb5 Bxe4 11. Qc7 Bxg2 12. Rh2 Bd5 13. Be2 0-0 14. bxc5 a6 15. Qxd8 Rfxd8 16. Nc7 Ra7 17. Nxd5 Nxd5 18. cxd6 Bxd6 19. c4 Bxh2 20. Nf3 Nf4 21. Nxh2 Nxh3 22. d4 Nf6 23. Be3 Rb7 24. d5 exd5 25. cxd5 Nxd5 26. Rd1 Rbd7 27. Ng4 Nc3 28. Rxd7 Rxd7 29. Bxa6 Rd1# 0-1

[Event "IECC M email"]
[Site "IECC email"]
[Date "1998.05.10"]
[Round "?"]
[White "De Juana, Frank"]
[Black "Mathes, Christian"]
[Result "0-1"]
[WhiteElo "1003"]
[BlackElo "1016"]
[PlyCount "104"]
[EventDate "1998.??.??"]
[EventType "tourn (corr)"]
[EventRounds "12"]
[SourceTitle "Corr 2008"]
[Source "ChessBase"]
[SourceDate "2008.06.24"]
[SourceVersion "1"]
[SourceVersionDate "2008.06.24"]
[SourceQuality "1"]

1. d4 g6 2. Nf3 Bg7 3. Bg5 d6 4. e3 Bg4 5. Bb5+ c6 6. Bc4 Nf6 7. Bxf6 Bxf6 8. Nbd2 0-0 9. 0-0 Re8 10. c3 e5 11. dxe5 dxe5 12. Ne4 Bxf3 13. Qxd8 Bxd8 14. Nd6 Re7 15. gxf3 b5 16. Rad1 Bc7 17. Nc8 Rd7 18. Bb3 a5 19. a3 Rd8 20. Rxd8+ Bxd8 21. Nd6 Ra7 22. Nc8 Rd7 23. Rd1 Rxd1+ 24. Bxd1 Kf8 25. Bb3 Bc7 26. a4 bxa4 27. Bxa4 Ke8 28. Na7 Kd7 29. b4 Bb6 30. b5 Bxa7 31. bxc6+ Nxc6 32. Kg2 Kd6 33. Kg3 Kc5 34. Kg4 h6 35. h4 f5+ 36. Kg3 Ne7 37. Bb3 Nd5 38. c4 Nb6 39. h5 g5 40. f4 exf4+ 41. exf4 Bb8 42. Kf3 Bxf4 43. Bc2 Nxc4 44. Bxf5 Ne5+ 45. Ke4 a4 46. Be6 a3 47. Ba2 Ng4 48. Kf3 Nf6 49. Bb1 Nxh5 50. Kg4 Nf6+ 51. Kf5 Nd5 52. Kg6 Nc3 0-1

[Event "IECC M email"]
[Site "IECC email"]
[Date "1998.05.10"]
[Round "?"]
[White "Mathes, Christian"]
[Black "De Juana, Frank"]
[Result "0-1"]
[WhiteElo "1046"]
[BlackElo "984"]
[PlyCount "60"]
[EventDate "1998.??.??"]
[EventType "tourn (corr)"]
[EventRounds "12"]
[SourceTitle "Corr 2008"]
[Source "ChessBase"]
[SourceDate "2008.06.24"]
[SourceVersion "1"]
[SourceVersionDate "2008.06.24"]
[SourceQuality "1"]

1. Nf3 c5 2. g3 d6 3. Bg2 Nf6 4. 0-0 Bg4 5. d3 Nbd7 6. Nbd2 g6 7. e4 Bg7 8. h3 Bxf3 9. Nxf3 Qb6 10. c3 0-0 11. Qc2 c4 12. d4 e5 13. Be3 Qc6 14. Nd2 d5 15. dxe5 Nxe5 16. exd5 Nxd5 17. Bd4 Nd3 18. Bxg7 Kxg7 19. Be4 f5 20. Bxd3 cxd3 21. Qxd3 Rad8 22. Qc2 f4 23. Rae1 fxg3 24. fxg3 Rxf1+ 25. Kxf1 Nb4 26. Qe4 Rf8+ 27. Kg2 Nc2 28. Re2 Re8 29. Qxc6 Rxe2+ 30. Kf1 Re1+ 0-1